Plan de estudios (Registro nro. 26680)

Detalles MARC
000 -CABECERA
Longitud fija campo de control 00990nam a22002177a 4500
003 - IDENTIFICADOR DELl NÚMERO DE CONTROL
Identificador del número de control OSt
005 - FECHA Y HORA DE LA ÚLTIMA TRANSACCIÓN
Fecha y hora de la última transacción 20170720105405.0
008 - CÓDIGOS DE INFORMACIÓN DE LONGITUD FIJA
Códigos de información de longitud fija 130611b2008 slv spa
040 ## - FUENTE DE LA CATALOGACIÓN
Centro catalogador de origen BMC
Centro transcriptor CRI
082 ## - NÚMERO DE LA CLASIFICACIÓN DECIMAL DEWEY
Númeroo de clasificación 378.0077284
082 ## - NÚMERO DE LA CLASIFICACIÓN DECIMAL DEWEY
Númeroo de clasificación 510.375
110 2# - PUNTO DE ACCESO PRINCIPAL-NOMBRE DE ENTIDAD CORPORATIVA
9 (RLIN) 1064
Nombre de entidad corporativa o nombre de jurisdicción como elemento inicial Universidad Católica de El Salvador
245 10 - MENCIÓN DE TÍTULO
Título Plan de estudios
Resto del título Tecnico en Gestión y Desarollo Turistico 2015
Mención de responsabilidad, etc. Universidad Católica de El Salvador
260 ## - PUBLICACIÓN, DISTRIBUCIÓN, ETC. (PIE DE IMPRENTA)
Lugar de publicación, distribución, etc. Ilobasco
Nombre del editor, distribuidor, etc. Universidad Católica de El Salvador CRI
Fecha de publicación, distribución, etc. 2015
300 ## - DESCRIPCIÓN FÍSICA
Extensión 305 p.
Otras características físicas 28 cm
500 ## - NOTA GENERAL
Nota general Ejemp. fotocopiado y enc. en pasta dura
594 ## - NOTA AL TÍTULO Y MENCIÓN DE RESPONSABIBLIDAD
Nota Al Título Y Mención De Responsabilidad En la port.: con sello de la Dirección Nacional de Educación Superior referente a la aprobación del plan de estudio: acuerdo ejecutivo Nº 15-0883, de fecha 12-05-2008, Diario Oficial Nº 132 de 12-05-2008, tomo 380
610 00 - PUNTO DE ACCESO ADICIONAL DE MATERIA - NOMBRE DE ENTIDAD CORPORATIVA
9 (RLIN) 9274
Nombre de entidad corporativa o nombre de jurisdicción como elemento inicial Universidad Católica de El Salvador
Unidad subordinada Dirección de Investigación
650 24 - PUNTO DE ACCESO ADICIONAL DE MATERIA - TÉRMINO DE MATERIA
9 (RLIN) 19283
Término de materia o nombre geográfico como elemento inicial Matemáticas
Subdivisión de forma Programas de estudio
942 ## - ENTRADA DE ELEMENTOS AGREGADOS (KOHA)
Fuente de clasificaión o esquema Dewey Decimal Classification
Koha [por defecto] tipo de item 1- Monografias
Parte de clasificación prozim
Existencias
Suprimido Perdido Fuente de clasificación o esquema Estropeado Restricciones de uso No para préstamo Código de colección Localización permanente Localización actual Localización en estanter&íacute;as Fecha adquisición Fuente de adquisición Número de inventario Préstamos totales Renovaciones totales Signatura completa Código de barras Fecha última consulta Fecha último préstamo Fecha del precio de reemplazo Tipo de item de Koha
NULL NULL Dewey Decimal Classification NULL Prestable NULL NULL Biblioteca Centro Regional de Ilobasco Biblioteca Centro Regional de Ilobasco Sala Principal 15/01/2016 CRI LI003026 1 1 378.0077284 UNI pla 1039865 12/11/2024 21/10/2024 24/11/2016 1- Monografias
NULL NULL Dewey Decimal Classification NULL Prestable NULL NULL Biblioteca Centro Regional de Ilobasco Biblioteca Centro Regional de Ilobasco Sala Principal 15/01/2016 CRI LI003027     378.0077284 UNI pla 1039866 24/11/2016   24/11/2016 1- Monografias
NULL NULL Dewey Decimal Classification NULL Prestable NULL NULL Biblioteca Centro Regional de Ilobasco Biblioteca Centro Regional de Ilobasco Sala Principal 15/01/2016 CRI LI003263     378.0077284 UNI pla 1040596 30/01/2017   30/01/2017 1- Monografias